Statistics for Richard Harris Filmography

Click here to take the quiz!

General Stats

  • This quiz has been taken 14 times
    (4 since last reset)
  • The average score is 24 of 106

Answer Stats

TypeYearName% Correct
Film2001Harry Potter and the Philosopher's Stone
100%
Film2000Gladiator
75%
Film2002Harry Potter and the Chamber of Secrets
75%
Film1992Unforgiven
75%
Film1970Cromwell
50%
Theater1957Macbeth
50%
Film1981Tarzan, the Ape Man
50%
Film1966The Bible: In the Beginning...
50%
Film1990The Field
50%
Film1963This Sporting Life
50%
Film197499 and 44/100%
25%
TV Mini-Series1993Abraham
25%
Film1959Alive and Kicking
25%
Film1970A Man Called Horse
25%
Theater1957And the Wind Blew
25%
TV Show1960Armchair Theatre
25%
Film1960A Terrible Beauty
25%
Film1971Bloomfield
25%
Theater1967, 1981-1982, 1983Camelot
25%
TV Film1982Camelot
25%
Film1967Camelot
25%
Film1967Caprice
25%
Film1995Cry, the Beloved Country
25%
Theater1947Easter
25%
Film1976Echoes of a Summer
25%
Theater1959Fings Ain't Wot They Used T'Be
25%
Film1979Game for Vultures
25%
Film1977Golden Rendezvous
25%
Film1999Grizzly Falls
25%
Film1977Gulliver's Travels
25%
Film1966Hawaii
25%
Theater1990Henry IV
25%
TV Show1958ITV Play of the Week
25%
TV Show1958ITV Television Playhouse
25%
Film1974Juggernaut
25%
TV Mini-Series2003Julius Caesar
25%
Film2003Kaena: The Prophecy
25%
Theater1958Love and Lectures
25%
Film1989Mack the Knife
25%
TV Film1988Maigret
25%
Film1965Major Dundee
25%
Theater1958Man, Beast & Virtue
25%
Film1971Man in the Wilderness
25%
Film1985Martin's Day
25%
Film1962Mutiny on the Bounty
25%
Film2001My Kingdom
25%
Film1977Orca
25%
Film1992Patriot Games
25%
Film1979Ravagers
25%
Film1964Red Desert
25%
Film1976Robin and Marian
25%
Film1997Savage Hearts
25%
Film1959Shake Hands with the Devil
25%
Film1994Silent Tongue
25%
Film1997Smilla's Sense of Snow
25%
Film1988Strike Commando 2
25%
TV Film2000The Apocalypse
25%
Film1998The Barber of Siberia
25%
Film2002The Count of Monte Cristo
25%
Film1973The Deadly Trackers
25%
TV Show1958The DuPont Show of the Month
25%
Theater1959The Dutch Courtesan
25%
Theater1959The Ginger Man
25%
TV Film1995The Great Kandinsky
25%
Film1961The Guns of Navarone
25%
Film1965The Heroes of Telemark
25%
TV Film1997The Hunchback
25%
Film1961The Long and the Short and the Tall
25%
Film1970The Molly Maguires
25%
Film2001The Pearl
25%
Theater1958The Pier
25%
Film1976The Return of a Man Called Horse
25%
TV Film1971The Snow Goose
25%
Film1978The Wild Geese
25%
Film1959The Wreck of the Mary Deare
25%
Film1997This Is the Sea
25%
Film1999To Walk with Lions
25%
Film1983Triumphs of a Man Called Horse
25%
Film1996Trojan Eddie
25%
Film1998Upright Affair
25%
Theater1957You Won't Always Be at the Top
25%
Short Documentary1970An Toileanach a Dfhill
0%
TV Show1960Art Carney Special
0%
TV Special2002Arthur: King of the Britons
0%
Theater1956A View from the Bridge
0%
Short Documentary1975A Walk in the Forest
0%
TV Show1968-1969Dee Time
0%
Theater1963Diary of a Madman
0%
Theater1989Enrico Quarto
0%
Film1982Highpoint
0%
Film1965I Tre Volti
0%
TV Show1968It's Happening
0%
Theater1988Julius Caesar: A Work in Progress
0%
Film1990King of the Wild
0%
Theater1946Measure for Measure
0%
TV Show1968Once More with Felix
0%
TV Show1968The Don Rickles Show
0%
TV Show1968The Ed Sullivan Show
0%
TV Show1968The Hollywood Palace
0%
Film1979The Last Word
0%
TV Show1968-1978The Mike Douglas Show
0%
TV Show1966The Milton Berle Show
0%
Theater1972Tommy
0%
TV Show1968, 1970Top of the Pops
0%
Film1993Wrestling Ernest Hemingway
0%
Film1981Your Ticket Is No Loner Valid
0%

Score Distribution

Percentile by Number Answered

Percent of People with Each Score

Your Score History

You have not taken this quiz since the last reset